00559nam a22001694a 450000500170000000800410001701000170005802000230007503500170009804000180011508200100013310000190014324501140016226000430027627000460031930000240036520080729164931.0080416s2008 waua 001 0 eng  aB-277538-557 a8179923274c175.00 aB-277538-557 aDPLbEnglish  a158.1 aSharma, Robin  aDiscover your destiny with the monk who sold his ferrari:cby Robin Sharma bthe 7 stages of self-awakening / aMumbai bJaico Publishing House c2008 a121 Mahatma Gandhi Road, bMumbaie400001 a215p. c22cm (pbk)